Гербы городов Кавказа - Statistics

General Stats
  • This quiz has been taken 24 times
    23 since last reset
  • The average score is 6 of 22
Answer Stats
Picture Answer % Correct
Грозный
82%
Черкесск
76%
Нальчик
65%
Магас
47%
Цхинвал
35%
Махачкала
35%
Сочи
29%
Владикавказ
29%
Баку
29%
Новороссийск
29%
Дербент
24%
Батуми
24%
Пятигорск
24%
Ереван
18%
Гянджа, Елисаветполь
12%
Хасавюрт
12%
Геленджик
12%
Буйнакск
12%
Кизляр
12%
Сухуми
6%
Беслан
6%
Тбилиси
0%
No matching quizzes found
Score Distribution
Percent of People with Each Score
Percentile by Number Answered
Your Score History
You have not taken this quiz since the last reset